Loading...
| Philosophy | 0 | 7 | 0 | 2 | 70 | 66 | 125.43 | 1 | 1 |
| Fine Arts - Other Fine Arts | 0 | 7 | 1 | 1 | 65 | 89 | 135.57 | 0 | 0 |
| Painting & Sculpture | 0 | 6 | 0 | 3 | 60 | 115 | 135.17 | 0 | 0 |
| Literature - European Literature | 0 | 6 | 1 | 0 | 55 | 35 | 115.67 | 1 | 1 |
| History - European History | 0 | 5 | 0 | 1 | 50 | 102 | 122.40 | 0 | 0 |
| Any History | 0 | 5 | 1 | 0 | 45 | 80 | 107.80 | 1 | 2 |
| Literature - World Literature | 0 | 5 | 2 | 1 | 40 | 135 | 141.80 | 0 | 0 |
| History - World History | 0 | 4 | 0 | 0 | 40 | 121 | 130.75 | 0 | 0 |
| Science - Biology | 0 | 4 | 0 | 1 | 40 | 104 | 121.25 | 0 | 0 |
| Fine Arts - Classical Music | 0 | 3 | 1 | 1 | 25 | 110 | 123.67 | 0 | 0 |
| Science - Chemistry | 0 | 2 | 0 | 2 | 20 | 130 | 131.00 | 0 | 0 |
| Mythology | 0 | 1 | 0 | 0 | 10 | 133 | 133.00 | 0 | 0 |
| Other Academic | 0 | 1 | 0 | 0 | 10 | 140 | 140.00 | 0 | 0 |
| Current Events | 0 | 1 | 0 | 0 | 10 | 126 | 126.00 | 0 | 0 |
| Religion | 0 | 1 | 0 | 1 | 10 | 138 | 138.00 | 0 | 0 |
| Social Science | 0 | 1 | 0 | 0 | 10 | 90 | 90.00 | 0 | 0 |
| Literature - British Literature | 0 | 2 | 2 | 0 | 10 | 109 | 120.50 | 0 | 0 |
| History - American History | 0 | 1 | 0 | 0 | 10 | 115 | 115.00 | 0 | 0 |
| Literature - American Literature | 0 | 2 | 2 | 0 | 10 | 132 | 141.00 | 0 | 0 |
| Science - Physics | 0 | 1 | 1 | 0 | 5 | 135 | 135.00 | 0 | 0 |
| Science - Other Science | 0 | 1 | 2 | 0 | 0 | 113 | 113.00 | 0 | 0 |